Les noms propres dans les titres de Brel - Statistiques

Statistiques générales
  • Ce quiz a été pris 114 fois
  • Le résultat moyen est 14 sur 35
Statistiques - réponses
Année Initiale Type de quiz Chanson % Correct
1962 B Ville {Bruxelles}
81%
1963 M Prénom {Mathilde}
75%
1968 V Ville {Vesoul}
75%
1964 A Ville {Amsterdam}
70%
1954 J Prénom Grand {Jacques}
69%
1962 M Prénom {Madeleine]
67%
1961 P Ville Les prénoms de {Paris}
64%
1977 V Ville Les remparts de {Varsovie}
64%
1959 F Gentilé Les {Flamandes}
62%
1956 P Prénom Saint-{Pierre}
55%
1963 L Ville Il neige sur {Liège}
54%
1963 J Surnom {Jef}
54%
1977 J Surnom {Jojo}
53%
1977 M Lieu Les {Marquises}
53%
1968 M Lieu L'homme de la {Mancha}
51%
1959 I Prénom {Isabelle}
47%
1977 KLZ Ville {Knokke-le-Zoute} tango
44%
1961 M Prénom {Marieke}
38%
1965 J Prénom {Jacky}
37%
1963 F Surnom La {Fanette}
36%
1977 O Lieu {Orly}
36%
1963 B Ville Jean de {Bruges}
34%
1965 F Prénom {Fernand}
33%
1962 Z Nom {Zangra}
29%
1977 J Patronyme {Jaurès}
28%
1962 R Prénom {Rosa}
25%
1968 O Gentilé L'{Ostendaise}
18%
1961 C Prénom {Clara}
16%
1963 T Surnom {Titine}
14%
1962 CP Surnom {Casse-Pompon}
13%
1953 B Lieu La {Bastille}
13%
1968 D Prénom {Dulcinéa}
7%
1969 Z Prénom Chanson de {Zorrino}
4%
1968 A Prénom {Aldonza}
3%
1968 M Nom {Mambrino}
3%
Aucun quiz correspondant
Distribution des résultats
% des personnes avec chaque résultat
Percentile par nombre de réponses
Votre historique - résultats
Vous n’avez pas pris ce quiz